| 000 | 00627nam a2200193 a 4500 | ||
|---|---|---|---|
| 005 | 20140412111249.0 | ||
| 008 | 020516s19uu xx 00 eng d | ||
| 020 | _a0-307-23138-0 | ||
| 050 |
_aM 372.4 _bH831 1981 |
||
| 100 | _aHayward, Linda | ||
| 245 |
_aA day in the life of Oscar the grouch. / _cby Linda Hayward ; illustrated by Bill Davis. |
||
| 260 |
_a[s.l.] : _bA Sesame Street/Golden Press Book, _c1981. |
||
| 300 | _a[24] p. ; ill. | ||
| 440 | _aCTW/Sesame Street | ||
| 500 | _aFeaturing Jim Henson's Sesame Street Muppets | ||
| 650 |
_aTime _xFiction |
||
| 650 |
_aChildren stories _xFiction |
||
| 999 |
_c103065 _d103065 |
||